Compendio Laboral correlacionado 2018 Tomo I

Detalles Bibliográficos
Autor principal: Přez Chv̀ez, Još
Otros Autores: Fol Olgun̕, Raymundo
Formato: eBook
Lenguaje:español
Publicado: Ciudad de Mx̌ico: Tax Editores, 2018
Materias:
Acceso en línea:Acceso restringido

MARC

LEADER 00000nam a22000007a 4500
005 20180518205314.0
007 cr|||| ||||
008 180518s2018 mx |||||s|||| 00||0 spa d
020 |a 978-607-629-171-9 
035 |a 21710 
040 |a vLex 
090 |c 7973  |d 7973 
100 1 |a Přez Chv̀ez, Još 
245 1 0 |a Compendio Laboral correlacionado 2018  |h [Recurso electrn̤ico] /  |c Jos ̌Přez Chv̀ez, Raymundo Fol Olgun̕  |n Tomo I 
256 |a Servicio en ln̕ea 
260 |a Ciudad de Mx̌ico:  |b Tax Editores,  |c 2018 
300 |a 1 recurso electrn̤ico 
506 1 |a Disponible solo en los productos indicados  |d vLex Global  |d vLex Global (Academic Edition, excluding Law Schools)  |d vLex Global (U.S. Academic Edition, Law Schools)  |d vLex Global (U.S. Academic Edition, excluding Law Schools)  |d vLex Global (Academic Edition, Law Schools) 
650 0 4 |a Derecho Laboral y Seguridad Social  |z Mx̌ico 
700 1 |a Fol Olgun̕, Raymundo 
740 0 |a vLex Libros (Servicio en ln̕ea) 
856 4 0 |u http://vlex.com/source/compendio-laboral-correlacionado-2018-tomo-i-21710  |z Acceso restringido 
942 |c BOOK 
999 0 |a Labor law and social security